000 00438nam a2200157Ia 4500
008 240729s9999 xx 000 0 und d
022 _a2548-592X
245 0 _aIJNP (Indonesian Journal of Nursing Practices)
260 _aIndonesia
260 _bUniversitas Muhammadiyah Yogyakarta
650 _a Nursing
650 _aMedicine
856 _uhttps://doaj.org/toc/c442cdaacedf4a6498b87eb5695ed9b3
942 _2ddc
942 _cDOAJEJ
999 _c73319
_d73319
945 _a1
_bMadushi Gamage
_c1
_dMadushi Gamage